| 000 | 00700nam a2200205Ia 4500 | ||
|---|---|---|---|
| 999 |
_c51984 _d51984 |
||
| 003 | GCL | ||
| 005 | 20240530104939.0 | ||
| 008 | 140319s9999 xx 000 0 ara d | ||
| 040 |
_aGCL / _cGCL |
||
| 082 | 0 | 4 |
_a227.362 _bر م |
| 100 | 1 | _aالرازى ، فخر الدين محمد بن عمر | |
| 245 | 1 | 0 |
_aمفاتيح الغيب او التفسير الكبير( 16 مج ) / _cالرازى ، فخر الدين محمد بن عمر |
| 300 | _aمتعدد | ||
| 490 |
_aتراث امة الاسلام _v0 |
||
| 650 | 0 | 4 | _aالاسلام |
| 650 | 0 | 4 | _aالشريعة الاسلامية |
| 650 | 0 | 4 | _aالقران - تفاسير |
| 650 | 0 | 4 | _aالتفاسير الفقهية |
| 942 |
_2ddc _cBK |
||